Detalles MARC
| 000 -LEADER |
| fixed length control field |
01192nam a2200325 a 4500 |
| 001 - CONTROL NUMBER |
| control field |
000002301 |
| 003 - CONTROL NUMBER IDENTIFIER |
| control field |
DO-SdBNP |
| 005 - DATE AND TIME OF LATEST TRANSACTION |
| control field |
20230705102526.0 |
| 008 - FIXED-LENGTH DATA ELEMENTS--GENERAL INFORMATION |
| fixed length control field |
090701s1985 dr r 000 0 spa d |
| 020 ## - INTERNATIONAL STANDARD BOOK NUMBER |
| International Standard Book Number |
9789945503500 |
| 040 ## - CATALOGING SOURCE |
| Original cataloging agency |
DO-SdBNP |
| Language of cataloging |
spa |
| Transcribing agency |
BPMSU |
| 082 ## - DEWEY DECIMAL CLASSIFICATION NUMBER |
| Classification number |
028.9 |
| Item number |
H519i 2019 |
| Edition number |
22 |
| 100 1# - MAIN ENTRY--PERSONAL NAME |
| Personal name |
Henríquez Ureña, Camila, |
| Dates associated with a name |
1894-1973 |
| 245 10 - TITLE STATEMENT |
| Title |
Invitación a la lectura : |
| Remainder of title |
notas sobre apreciación literaria / |
| Statement of responsibility, etc. |
Camila Henríquez Ureña ; prólogo Federico Henríquez y Gratereaux |
| 246 14 - VARYING FORM OF TITLE |
| Title proper/short title |
Invitación a la lectura |
| 260 ## - PUBLICATION, DISTRIBUTION, ETC. (IMPRINT) |
| Place of publication, distribution, etc. |
Santo Domingo : |
| Name of publisher, distributor, etc. |
Editora Nacional, |
| Date of publication, distribution, etc. |
2019 |
| 300 ## - PHYSICAL DESCRIPTION |
| Extent |
211 p. ; |
| Dimensions |
19 cm. |
| 490 0# - SERIES STATEMENT |
| Series statement |
Biblioteca dominicana básica, |
| Volume/sequential designation |
18 |
| 500 ## - GENERAL NOTE |
| General note |
Incluye datos biográficos de la autora en la contracubierta |
| 500 ## - GENERAL NOTE |
| General note |
Incluye cronología de Camila Henríquez Ureña. |
| 590 ## - LOCAL NOTE (RLIN) |
| Local note |
Inventariado, 2023/VM |
| 650 #4 - SUBJECT ADDED ENTRY--TOPICAL TERM |
| Topical term or geographic name as entry element |
Promoción de la lectura |
| 650 #4 - SUBJECT ADDED ENTRY--TOPICAL TERM |
| Topical term or geographic name as entry element |
Libros y lectura |
| 650 #4 - SUBJECT ADDED ENTRY--TOPICAL TERM |
| Topical term or geographic name as entry element |
Comprensión de lectura |
| 650 #4 - SUBJECT ADDED ENTRY--TOPICAL TERM |
| Topical term or geographic name as entry element |
Crítica literaria |
| 700 1# - ADDED ENTRY--PERSONAL NAME |
| Personal name |
Henríquez y Gratereaux, Federico |
| Relator term |
pról. |
| 710 2# - ADDED ENTRY--CORPORATE NAME |
| Corporate name or jurisdiction name as entry element |
Ministerio de Cultura (República Dominicana) |
| 910 ## - USER-OPTION DATA (OCLC) |
| User-option data |
VMateo V.Control de calidad (BPMSU) |
| 942 ## - ADDED ENTRY ELEMENTS (KOHA) |
| Koha item type |
Libros |
| Source of classification or shelving scheme |
Dewey Decimal Classification |